The sharp solution (Record no. 64917)
[ view plain ]
| 000 -LEADER | |
|---|---|
| fixed length control field | 01364nam a2200325 a 4500 |
| 082 04 - DEWEY DECIMAL CLASSIFICATION NUMBER | |
| Classification number | 158 |
| 100 1# - MAIN ENTRY--AUTHOR NAME | |
| Personal name | Hanna, Heidi, |
| 245 14 - TITLE STATEMENT | |
| Title | The sharp solution |
| 260 ## - PUBLICATION, DISTRIBUTION, ETC. (IMPRINT) | |
| Place of publication | Hoboken, N.J. : |
| Name of publisher | Wiley, |
| Year of publication | c2013. |
| 300 ## - PHYSICAL DESCRIPTION | |
| Number of Pages | xvii, 190 p. |
| 505 0# - FORMATTED CONTENTS NOTE | |
| Formatted contents note | Understand your operating system -- Balance your brain -- Engage your heart -- Focus your mind -- Engage your body -- Strengthen your community -- The sharp solution plan. |
| 650 #0 - SUBJECT ADDED ENTRY--TOPICAL TERM | |
| Topical Term | Achievement motivation. |
| Topical Term | Brain. |
| 856 40 - ELECTRONIC LOCATION AND ACCESS | |
| Uniform Resource Identifier | http://site.ebrary.com/lib/rucke/Doc?id=10657896 |
No items available.
